[Event "CAN-op"]
[Site "Edmonton CAN"]
[Date "2005.07.09"]
[Round "1"]
[White "Skylar, Malito"]
[Black "Gardner, Robert"]
[Result "0-1"]
[WhiteElo "1661"]
[BlackElo "2221"]
[PlyCount "62"]
[GameId "2160767910901272"]
[EventDate "2005.07.09"]
[EventType "swiss"]
[EventRounds "10"]
[EventCountry "CAN"]
[SourceTitle "CBM 107 Extra"]
[Source "ChessBase"]
[SourceDate "2005.09.01"]
[SourceVersion "1"]
[SourceVersionDate "2005.09.01"]
[SourceQuality "1"]

1. Nf3 Nf6 2. e3 g6 3. b3 Bg7 4. Bb2 d6 5. Be2 e5 6. d3 h6 7. c4 Be6 8. c5 Nbd7 9. b4 O-O 10. Qc2 a5 11. a3 axb4 12. axb4 Rxa1 13. Bxa1 Nd5 14. cxd6 cxd6 15. Nbd2 Nxb4 16. Qb2 Qa5 17. O-O Nc5 18. d4 e4 19. Ne1 d5 20. f3 exf3 21. gxf3 Bh3 22. Rf2 Ra8 23. Nb3 Nxb3 24. Qxb3 Qxa1 25. Qxb4 Bf8 26. Qd2 Ra2 27. Qd1 Qxd1 28. Bxd1 Ra1 29. Rd2 Bb4 30. Nc2 Bxd2 31. Nxa1 Bxe3+ 0-1

[Event "CAN-op"]
[Site "Edmonton CAN"]
[Date "2005.07.09"]
[Round "1"]
[White "Thipsay, Bagyashree Sathe"]
[Black "Chan, Michael2"]
[Result "1-0"]
[WhiteElo "2269"]
[BlackElo "1700"]
[PlyCount "35"]
[GameId "2160767910901273"]
[EventDate "2005.07.09"]
[EventType "swiss"]
[EventRounds "10"]
[EventCountry "CAN"]
[SourceTitle "CBM 107 Extra"]
[Source "ChessBase"]
[SourceDate "2005.09.01"]
[SourceVersion "1"]
[SourceVersionDate "2005.09.01"]
[SourceQuality "1"]

1. e4 e5 2. Nf3 Nc6 3. Bb5 a6 4. Ba4 Nf6 5. d4 b5 6. Bb3 exd4 7. O-O d6 8. Bd5 Nxd5 9. exd5 Ne5 10. Nxd4 Bb7 11. Re1 Be7 12. Nf5 Ng6 13. Nxg7+ Kf8 14. Bh6 Kg8 15. Nh5 Bf8 16. Re8 Qh4 17. g3 Qc4 18. Nf6# 1-0

[Event "CAN-op"]
[Site "Edmonton CAN"]
[Date "2005.07.09"]
[Round "1"]
[White "Tyomkin, Dimitri"]
[Black "Haley, Phil"]
[Result "1-0"]
[WhiteElo "2549"]
[BlackElo "1772"]
[PlyCount "47"]
[GameId "2160767910901274"]
[EventDate "2005.07.09"]
[EventType "swiss"]
[EventRounds "10"]
[EventCountry "CAN"]
[SourceTitle "CBM 107 Extra"]
[Source "ChessBase"]
[SourceDate "2005.09.01"]
[SourceVersion "1"]
[SourceVersionDate "2005.09.01"]
[SourceQuality "1"]

1. e4 d6 2. d4 Nf6 3. Nc3 c6 4. f4 Qa5 5. Bd3 e5 6. Nf3 Nbd7 7. Bd2 Qc7 8. Qe2 Be7 9. g4 exd4 10. Nxd4 Nc5 11. g5 Nxd3+ 12. cxd3 Nd7 13. Nf5 Bf8 14. Rc1 Qd8 15. Nd1 Nb6 16. Nde3 Be6 17. Bc3 Rg8 18. Qh5 Qd7 19. Qxh7 f6 20. Nd4 Be7 21. f5 Bxa2 22. Ra1 O-O-O 23. Rxa2 fxg5 24. Ne6 1-0

[Event "CAN-op"]
[Site "Edmonton CAN"]
[Date "2005.07.09"]
[Round "1"]
[White "Walker, Adrian1"]
[Black "Hughey, Micah"]
[Result "1/2-1/2"]
[WhiteElo "1559"]
[BlackElo "2027"]
[PlyCount "28"]
[GameId "2160767910901275"]
[EventDate "2005.07.09"]
[EventType "swiss"]
[EventRounds "10"]
[EventCountry "CAN"]
[SourceTitle "CBM 107 Extra"]
[Source "ChessBase"]
[SourceDate "2005.09.01"]
[SourceVersion "1"]
[SourceVersionDate "2005.09.01"]
[SourceQuality "1"]

1. e4 e5 2. Nf3 Nc6 3. Bb5 a6 4. Ba4 Nf6 5. O-O Be7 6. Re1 b5 7. Bb3 Bb7 8. c3 d5 9. exd5 Nxd5 10. Nxe5 Nxe5 11. Rxe5 Nf4 12. d4 Nxg2 13. Qe2 h6 14. Qg4 Kf8 1/2-1/2

[Event "CAN-op"]
[Site "Edmonton CAN"]
[Date "2005.07.09"]
[Round "1"]
[White "Wihnon, Jason"]
[Black "Dougherty, Michael"]
[Result "0-1"]
[WhiteElo "1723"]
[BlackElo "2332"]
[PlyCount "52"]
[GameId "2160767910901276"]
[EventDate "2005.07.09"]
[EventType "swiss"]
[EventRounds "10"]
[EventCountry "CAN"]
[SourceTitle "CBM 107 Extra"]
[Source "ChessBase"]
[SourceDate "2005.09.01"]
[SourceVersion "1"]
[SourceVersionDate "2005.09.01"]
[SourceQuality "1"]

1. e4 c5 2. Nf3 Nc6 3. d3 g6 4. g3 Bg7 5. Bg2 d6 6. O-O e5 7. Nbd2 Nge7 8. c3 O-O 9. Nc4 f5 10. a4 h6 11. h3 Be6 12. Nh2 fxe4 13. Ne3 exd3 14. Qxd3 d5 15. Qb5 d4 16. cxd4 cxd4 17. Rd1 Qc8 18. Nef1 a6 19. Qe2 Bxh3 20. Nd2 Bxg2 21. Kxg2 Nb4 22. Ne4 d3 23. Qd2 Qc4 24. f3 Nf5 25. b3 Qc2 26. Ba3 Ne3+ 0-1

[Event "CAN-op"]
[Site "Edmonton CAN"]
[Date "2005.07.09"]
[Round "1"]
[White "Wilson, Jonathan"]
[Black "Daniluk, Jim"]
[Result "0-1"]
[WhiteElo "2293"]
[BlackElo "1969"]
[PlyCount "43"]
[GameId "2160767910901277"]
[EventDate "2005.07.09"]
[EventType "swiss"]
[EventRounds "10"]
[EventCountry "CAN"]
[SourceTitle "CBM 107 Extra"]
[Source "ChessBase"]
[SourceDate "2005.09.01"]
[SourceVersion "1"]
[SourceVersionDate "2005.09.01"]
[SourceQuality "1"]

1. e4 c5 2. Nf3 Nc6 3. d4 cxd4 4. Nxd4 Nf6 5. Nc3 e5 6. Ndb5 d6 7. Bg5 a6 8. Na3 b5 9. Nd5 Be7 10. Nxe7 Nxe7 11. Bxf6 gxf6 12. c3 Bb7 13. Bd3 d5 14. Qc2 f5 15. O-O-O fxe4 16. Bxe4 Qb6 17. Bf3 Rc8 18. Qb3 e4 19. Bg4 Rc7 20. Rd2 d4 21. Rxd4 Qxd4 22. Nc4 0-1

[Event "CAN-op"]
[Site "Edmonton CAN"]
[Date "2005.07.09"]
[Round "1"]
[White "Yoos, John"]
[Black "Chi, Jonathan"]
[Result "1-0"]
[WhiteElo "2442"]
[BlackElo "1744"]
[PlyCount "89"]
[GameId "2160767910901278"]
[EventDate "2005.07.09"]
[EventType "swiss"]
[EventRounds "10"]
[EventCountry "CAN"]
[SourceTitle "CBM 107 Extra"]
[Source "ChessBase"]
[SourceDate "2005.09.01"]
[SourceVersion "1"]
[SourceVersionDate "2005.09.01"]
[SourceQuality "1"]

1. e4 c5 2. Nf3 d6 3. d4 cxd4 4. Nxd4 Nf6 5. Nc3 g6 6. Be3 Bg7 7. f3 Nc6 8. Qd2 O-O 9. Bc4 Bd7 10. O-O-O Rc8 11. Bb3 Ne5 12. Bg5 Rc5 13. Rhe1 b5 14. f4 Nc4 15. Bxc4 bxc4 16. e5 dxe5 17. fxe5 Nd5 18. Nxd5 Rxd5 19. Qb4 Qb6 20. Qxb6 axb6 21. Bxe7 Re8 22. Bd6 Bg4 23. Nf3 Bh6+ 24. Kb1 Rxd1+ 25. Rxd1 Bxf3 26. gxf3 Bf4 27. h3 Bxe5 28. Re1 f6 29. f4 Bxd6 30. Rxe8+ Kf7 31. Re4 b5 32. Rd4 Ke6 33. b3 cxb3 34. axb3 Bc5 35. Rd8 Bd6 36. f5+ Ke5 37. c4 bxc4 38. bxc4 Bb4 39. Rd5+ Ke4 40. Kc2 g5 41. Kd1 Ke3 42. Rb5 Bc3 43. c5 Be5 44. c6 Kf4 45. Rxe5 1-0

[Event "CAN-op"]
[Site "Edmonton CAN"]
[Date "2005.07.09"]
[Round "1.1"]
[White "Hyseni, Astrit"]
[Black "Ivanchuk, Vassily"]
[Result "0-1"]
[WhiteElo "1805"]
[BlackElo "2792"]
[PlyCount "52"]
[GameId "2160767910901279"]
[EventDate "2005.07.09"]
[EventType "swiss"]
[EventRounds "10"]
[EventCountry "CAN"]

1. e4 c5 2. f3 e6 3. d3 d5 4. e5 f6 5. exf6 Nxf6 6. c3 Nc6 7. Nh3 Bd6 8. g3 Bd7 9. Bg2 Qc7 10. f4 O-O-O 11. Na3 a6 12. Ng5 Rhf8 13. c4 h6 14. Nf3 g5 15. fxg5 Bxg3+ 16. Ke2 Ng4 17. hxg3 Qxg3 18. Qg1 Nd4+ 19. Kd2 Rxf3 20. Bf1 Rf2+ 21. Kc3 Qc7 22. b4 cxb4+ 23. Kxb4 Qb6+ 24. Nb5 a5+ 25. Ka3 Qc5+ 26. Ka4 Qb4# 0-1

[Event "CAN-op"]
[Site "Edmonton CAN"]
[Date "2005.07.09"]
[Round "1.3"]
[White "Asquith, Tom"]
[Black "Bologan, Viktor"]
[Result "0-1"]
[WhiteElo "1789"]
[BlackElo "2740"]
[PlyCount "58"]
[GameId "2160767910901280"]
[EventDate "2005.07.09"]
[EventType "swiss"]
[EventRounds "10"]
[EventCountry "CAN"]

1. c4 e5 2. g3 Nf6 3. Nc3 Bb4 4. Bg2 Bxc3 5. bxc3 O-O 6. d3 Re8 7. e4 c6 8. Bg5 d6 9. Ne2 Nbd7 10. O-O h6 11. Be3 Nf8 12. Qd2 d5 13. cxd5 cxd5 14. exd5 Nxd5 15. c4 Nf6 16. Nc3 Ne6 17. Rab1 Nd4 18. Kh1 Bd7 19. Rxb7 Qc8 20. Bxd4 exd4 21. Nb5 Bc6 22. Rc7 Bxg2+ 23. Kxg2 Qd8 24. Rxa7 Rxa7 25. Nxa7 Qa8+ 26. Kg1 Qxa7 27. Ra1 Nd7 28. a4 Ne5 29. Qe2 Qb7 0-1

[Event "CAN-op"]
[Site "Edmonton CAN"]
[Date "2005.07.09"]
[Round "1.4"]
[White "Moiseenko, Alexander"]
[Black "Lawson, Jonathan"]
[Result "1-0"]
[WhiteElo "2652"]
[BlackElo "1782"]
[PlyCount "43"]
[GameId "2160767910901281"]
[EventDate "2005.07.09"]
[EventType "swiss"]
[EventRounds "10"]
[EventCountry "CAN"]

1. e4 e5 2. Nf3 Nc6 3. Bb5 Bc5 4. O-O Nd4 5. Nxd4 Bxd4 6. c3 Bb6 7. d4 c6 8. Bc4 d6 9. f4 Nf6 10. fxe5 dxe5 11. Kh1 Be6 12. Bxe6 fxe6 13. Bg5 O-O 14. Nd2 h6 15. Bh4 exd4 16. e5 dxc3 17. bxc3 Be3 18. exf6 Qxd2 19. Qg4 Qd7 20. fxg7 Rfe8 21. Rf8+ Rxf8 22. gxf8=Q+ 1-0

[Event "CAN-op"]
[Site "Edmonton CAN"]
[Date "2005.07.09"]
[Round "1.5"]
[White "Long, Hugh"]
[Black "Ganguly, Surya Shekhar"]
[Result "0-1"]
[WhiteElo "1780"]
[BlackElo "2636"]
[PlyCount "78"]
[GameId "2160767910901282"]
[EventDate "2005.07.09"]
[EventType "swiss"]
[EventRounds "10"]
[EventCountry "CAN"]

1. d4 Nf6 2. c4 c5 3. d5 b5 4. cxb5 a6 5. bxa6 Bxa6 6. Nc3 d6 7. Nf3 g6 8. Nd2 Qa5 9. e4 Bxf1 10. Kxf1 Bg7 11. Nb3 Qb4 12. a3 Qc4+ 13. Kg1 Nxe4 14. Nxe4 Qxe4 15. f3 Qe5 16. Kf2 c4 17. f4 Qf5 18. g4 Qf6 19. g5 Qf5 20. Nd4 Qxd5 21. Be3 e6 22. Qd2 Nd7 23. Rhd1 Nc5 24. Kg1 O-O 25. Nb5 Qxd2 26. Rxd2 Nb3 27. Rad1 Nxd2 28. Rxd2 d5 29. Bd4 Rfb8 30. Bxg7 Kxg7 31. Nc3 Rb3 32. Kg2 d4 33. Nd1 c3 34. bxc3 dxc3 35. Rc2 Raxa3 36. Kf2 Rb4 37. Ke3 Rb2 38. Rxc3 Rxc3+ 39. Nxc3 Rxh2 0-1

[Event "CAN-op"]
[Site "Edmonton CAN"]
[Date "2005.07.09"]
[Round "1.6"]
[White "Shabalov, Alexander"]
[Black "Keep, Richard"]
[Result "1-0"]
[WhiteElo "2631"]
[BlackElo "1777"]
[PlyCount "41"]
[GameId "2160767910901283"]
[EventDate "2005.07.09"]
[EventType "swiss"]
[EventRounds "10"]
[EventCountry "CAN"]

1. e4 c6 2. d4 d5 3. e5 Bf5 4. f4 Qb6 5. Nf3 c5 6. dxc5 Qxc5 7. Nd4 Bd7 8. Be3 Qc8 9. c4 dxc4 10. Na3 Nc6 11. Nxc4 g6 12. Rc1 Nh6 13. Na5 Nf5 14. Nxf5 gxf5 15. Bb5 e6 16. O-O Be7 17. Qa4 O-O 18. Bxc6 Bxc6 19. Nxc6 bxc6 20. Qxc6 Qxc6 21. Rxc6 1-0

[Event "CAN-op"]
[Site "Edmonton CAN"]
[Date "2005.07.09"]
[Round "1.8"]
[White "Kunte, Abhijit"]
[Black "Fokkema, Jerred"]
[Result "1-0"]
[WhiteElo "2601"]
[BlackElo "1773"]
[PlyCount "49"]
[GameId "2160767910901284"]
[EventDate "2005.07.09"]
[EventType "swiss"]
[EventRounds "10"]
[EventCountry "CAN"]

1. e4 c5 2. Nf3 d6 3. c3 Nf6 4. Be2 g6 5. O-O Bg7 6. Re1 O-O 7. Bf1 Nc6 8. h3 Bd7 9. d4 cxd4 10. cxd4 d5 11. exd5 Nxd5 12. Nc3 Be6 13. Bg5 h6 14. Be3 Rc8 15. Qd2 Kh7 16. Rad1 a6 17. Bf4 Qa5 18. Bd3 Nxc3 19. bxc3 Qxa2 20. Qe3 Kg8 21. Bxh6 Qa5 22. Bxg6 Bb3 23. Ra1 Qc7 24. Bf5 e6 25. Bxg7 1-0

[Event "CAN-op"]
[Site "Edmonton CAN"]
[Date "2005.07.09"]
[Round "1.9"]
[White "Panteluk, Steven"]
[Black "Sandipan, Chanda"]
[Result "0-1"]
[WhiteElo "1773"]
[BlackElo "2600"]
[PlyCount "80"]
[GameId "2160767910901285"]
[EventDate "2005.07.09"]
[EventType "swiss"]
[EventRounds "10"]
[EventCountry "CAN"]

1. d4 Nf6 2. Nf3 e6 3. c4 b6 4. g3 Ba6 5. b3 Bb4+ 6. Bd2 Be7 7. Bg2 c6 8. O-O d5 9. Qc2 O-O 10. a3 Nbd7 11. Bg5 h6 12. Bf4 Rc8 13. Re1 c5 14. dxc5 Bxc5 15. b4 Be7 16. Qa4 Bxc4 17. Qxa7 Ra8 18. Qb7 Bxb4 19. Nbd2 Ba6 20. Qxa8 Qxa8 21. axb4 Qb7 22. Ne5 Nxe5 23. Bxe5 Bb5 24. e4 Nxe4 25. Nxe4 dxe4 26. Bxe4 Bc6 27. Bxc6 Qxc6 28. Re3 Rd8 29. Rea3 f6 30. Bf4 Qb5 31. Ra8 Rxa8 32. Rxa8+ Kh7 33. Be3 Qxb4 34. Rb8 b5 35. h4 Qb1+ 36. Kh2 b4 37. Bc5 b3 38. Rb7 Qc2 39. Rc7 b2 40. Kg2 b1=R 0-1

[Event "CAN-op"]
[Site "Edmonton CAN"]
[Date "2005.07.09"]
[Round "1.11"]
[White "Gillanders, Robert"]
[Black "Bluvshtein, Mark"]
[Result "0-1"]
[WhiteElo "1765"]
[BlackElo "2529"]
[PlyCount "68"]
[GameId "2160767910901286"]
[EventDate "2005.07.09"]
[EventType "swiss"]
[EventRounds "10"]
[EventCountry "CAN"]

1. d4 Nf6 2. c4 e6 3. Nc3 Bb4 4. e3 c5 5. Nf3 O-O 6. Bd3 b6 7. O-O Bb7 8. a3 Bxc3 9. bxc3 Be4 10. Ng5 Bxd3 11. Qxd3 d5 12. cxd5 exd5 13. e4 dxe4 14. Nxe4 Nxe4 15. Qxe4 Nd7 16. Bf4 Nf6 17. Qf3 cxd4 18. c4 Rc8 19. Rac1 Qe7 20. Rfe1 Qc5 21. Re5 Qc6 22. Qd3 Rfd8 23. h3 h6 24. Re7 a6 25. Rce1 Qxc4 26. Qd2 Nd5 27. Rb7 Nxf4 28. Qxf4 d3 29. Qf3 d2 30. Rd1 Qe6 31. Kh2 Rc1 32. Ra7 Rxd1 33. Qxd1 Qe1 34. Qf3 Qe5+ 0-1

[Event "CAN-op"]
[Site "Edmonton CAN"]
[Date "2005.07.09"]
[Round "1.13"]
[White "Cashin, Ken"]
[Black "Sundararajan, Kidambi"]
[Result "0-1"]
[WhiteElo "1761"]
[BlackElo "2524"]
[PlyCount "52"]
[GameId "2160767910901287"]
[EventDate "2005.07.09"]
[EventType "swiss"]
[EventRounds "10"]
[EventCountry "CAN"]

1. e4 c5 2. Nf3 d6 3. d4 cxd4 4. Nxd4 Nf6 5. Nc3 e6 6. Be2 a6 7. O-O Qc7 8. Be3 b5 9. a3 Bb7 10. Bf3 Nbd7 11. Qd2 Be7 12. Rad1 Ne5 13. Bf4 Nc4 14. Qc1 O-O 15. Bg3 Rac8 16. Rd3 Nd7 17. Bg4 Nc5 18. Rf3 Ne5 19. Bxe5 dxe5 20. Nf5 exf5 21. Bxf5 Ne6 22. Qe3 Bg5 23. Qe1 Rcd8 24. Nd5 Bxd5 25. exd5 Nd4 26. Rc3 Qd6 0-1

[Event "CAN-op"]
[Site "Edmonton CAN"]
[Date "2005.07.09"]
[Round "1.14"]
[White "Krush, Irina"]
[Black "Davidson, Brian"]
[Result "1-0"]
[WhiteElo "2444"]
[BlackElo "1758"]
[PlyCount "69"]
[GameId "2160767910901288"]
[EventDate "2005.07.09"]
[EventType "swiss"]
[EventRounds "10"]
[EventCountry "CAN"]

1. d4 Nf6 2. c4 e6 3. Nc3 Bb4 4. Qc2 b6 5. Bg5 Bb7 6. e3 h6 7. Bh4 Be4 8. Qd2 g5 9. Bg3 Nh5 10. a3 Bxc3 11. Qxc3 Nxg3 12. hxg3 d5 13. cxd5 Bxd5 14. Rc1 c6 15. Nf3 Nd7 16. Nd2 Nf6 17. f3 c5 18. dxc5 Rc8 19. Bb5+ Ke7 20. b4 Qc7 21. Kf2 h5 22. Ba6 Bb7 23. Bxb7 Qxb7 24. c6 Qc7 25. b5 h4 26. Qb4+ Ke8 27. gxh4 gxh4 28. Rxh4 Rg8 29. Qf4 Qd8 30. Nc4 Ke7 31. Rh6 Nd5 32. Qh4+ Ke8 33. Qxd8+ Rxd8 34. Rhh1 Nc7 35. a4 1-0

[Event "CAN-op"]
[Site "Edmonton CAN"]
[Date "2005.07.09"]
[Round "1.15"]
[White "Laming, Ryan"]
[Black "Venkatesh, Marani Rajendran"]
[Result "0-1"]
[WhiteElo "1756"]
[BlackElo "2475"]
[PlyCount "58"]
[GameId "2160767910901289"]
[EventDate "2005.07.09"]
[EventType "swiss"]
[EventRounds "10"]
[EventCountry "CAN"]

1. d4 Nf6 2. c4 e6 3. Nc3 Bb4 4. e3 O-O 5. g3 c5 6. Bg2 Nc6 7. Nge2 d5 8. a3 Bxc3+ 9. Nxc3 cxd4 10. exd4 dxc4 11. Be3 Nd5 12. O-O Nce7 13. h4 Nf5 14. Qf3 Ndxe3 15. fxe3 Qc7 16. Ne4 Bd7 17. Qf2 Bc6 18. g4 Bxe4 19. gxf5 exf5 20. Bxe4 fxe4 21. Qg2 Rae8 22. Rf5 c3 23. Rc5 cxb2 24. Rb1 Qe7 25. h5 b6 26. h6 g6 27. Rc3 Rc8 28. Qxb2 Qg5+ 29. Kf1 Qxh6 0-1

[Event "CAN-op"]
[Site "Edmonton CAN"]
[Date "2005.07.09"]
[Round "1.19"]
[White "Caron, Harvey"]
[Black "Roy Chowdhury, Saptarshi"]
[Result "0-1"]
[WhiteElo "1741"]
[BlackElo "2421"]
[PlyCount "86"]
[GameId "2160767910901291"]
[EventDate "2005.07.09"]
[EventType "swiss"]
[EventRounds "10"]
[EventCountry "CAN"]

1. e4 c5 2. Nf3 Nc6 3. d4 cxd4 4. Nxd4 e5 5. Nb5 d6 6. N1c3 a6 7. Na3 b5 8. Nd5 Nce7 9. c4 Nxd5 10. cxd5 Be7 11. Be2 Nf6 12. Qd3 O-O 13. Bd2 Nd7 14. b4 f5 15. exf5 Nb6 16. g4 e4 17. Qxe4 Bb7 18. O-O Bxd5 19. Qd3 Bf7 20. f4 Rc8 21. Rfc1 Nc4 22. Nc2 Bf6 23. Bc3 Nb2 24. Bxb2 Bxb2 25. Rab1 Bxc1 26. Rxc1 Bc4 27. Qd2 Bxe2 28. Qxe2 Qb6+ 29. Kf1 Qc6 30. Kf2 Rfe8 31. Qd2 Re7 32. g5 Rec7 33. Kg3 Qc3+ 34. Qxc3 Rxc3+ 35. Kg4 Rxc2 36. Rd1 Rd8 37. h4 d5 38. h5 d4 39. f6 gxf6 40. gxf6 d3 41. Kf5 Re2 42. Rg1+ Kf8 43. Rg7 Rd5+ 0-1

[Event "CAN-op"]
[Site "Edmonton CAN"]
[Date "2005.07.09"]
[Round "1.23"]
[White "Trandafir, Stefan"]
[Black "Reeve, Jeff"]
[Result "0-1"]
[WhiteElo "1731"]
[BlackElo "2364"]
[PlyCount "58"]
[GameId "2160767910901294"]
[EventDate "2005.07.09"]
[EventType "swiss"]
[EventRounds "10"]
[EventCountry "CAN"]

1. d4 Nf6 2. c4 c5 3. d5 b5 4. cxb5 a6 5. b6 g6 6. Nc3 d6 7. e4 Bg7 8. f4 O-O 9. Nf3 Qxb6 10. Be2 Bg4 11. O-O Nbd7 12. h3 Bxf3 13. Bxf3 Rab8 14. Qe2 Ne8 15. Kh1 Nc7 16. g4 Nb5 17. Nxb5 Qxb5 18. Rb1 Qxe2 19. Bxe2 Rb4 20. Bf3 Rfb8 21. b3 c4 22. Bd2 cxb3 23. e5 Rd4 24. Ba5 bxa2 25. Rxb8+ Nxb8 26. Bc7 Rxf4 27. Bxb8 Bxe5 28. Kg2 Rb4 29. Ba7 Rb1 0-1

[Event "CAN-op"]
[Site "Edmonton CAN"]
[Date "2005.07.09"]
[Round "1.24"]
[White "Mohota, Nisha"]
[Black "Marshall, Jim"]
[Result "1-0"]
[WhiteElo "2343"]
[BlackElo "1726"]
[PlyCount "71"]
[GameId "2160767910901295"]
[EventDate "2005.07.09"]
[EventType "swiss"]
[EventRounds "10"]
[EventCountry "CAN"]

1. d4 d5 2. c4 c6 3. Nf3 Nf6 4. Nc3 e6 5. e3 Nbd7 6. Bd3 Be7 7. e4 dxe4 8. Nxe4 Nxe4 9. Bxe4 Nf6 10. Bc2 b6 11. O-O Bb7 12. Bg5 Qc7 13. Ne5 Bd6 14. Re1 h6 15. Bf4 g5 16. Bg3 O-O-O 17. Qf3 Qe7 18. Nxc6 Bxc6 19. Qxc6+ Qc7 20. Qf3 Bxg3 21. hxg3 Ne8 22. Red1 Kb8 23. c5 f5 24. Qb3 Ng7 25. a4 Ka8 26. a5 bxc5 27. dxc5 g4 28. a6 Rb8 29. Qc3 Rhd8 30. b4 Rxd1+ 31. Rxd1 Ne8 32. Ba4 Qc8 33. Rd8 Qxd8 34. Bc6+ Rb7 35. axb7+ Kb8 36. Qh8 1-0

[Event "CAN-op"]
[Site "Edmonton CAN"]
[Date "2005.07.09"]
[Round "1.26"]
[White "Gentes, Kevin"]
[Black "Faust, Steven"]
[Result "1-0"]
[WhiteElo "2331"]
[BlackElo "1722"]
[PlyCount "91"]
[GameId "2160767910901296"]
[EventDate "2005.07.09"]
[EventType "swiss"]
[EventRounds "10"]
[EventCountry "CAN"]

1. e4 e6 2. d4 d5 3. Nc3 dxe4 4. Nxe4 Bd7 5. Ng5 Be7 6. N1f3 Bc6 7. Bd3 Nf6 8. Ne5 O-O 9. O-O h6 10. Nh3 Be4 11. Bxe4 Nxe4 12. Bxh6 gxh6 13. Qg4+ Ng5 14. Rad1 Kh7 15. Nxg5+ Bxg5 16. f4 f5 17. Qh5 Qe8 18. Qf3 Be7 19. Qxb7 Nd7 20. Nc6 Bd6 21. c4 Qc8 22. Qb5 a6 23. Qb3 Rf6 24. c5 Bf8 25. Rfe1 Nb8 26. Na5 c6 27. Nc4 Nd7 28. Re2 Rb8 29. Qf3 Be7 30. Rde1 Bxc5 31. dxc5 Nxc5 32. Qa3 Qf8 33. Ne5 Rd8 34. Rc2 Ne4 35. Qxa6 Qd6 36. Qa7+ Kg8 37. Nxc6 Rd7 38. Qb8+ Kf7 39. Ne5+ Kg7 40. Qxd6 Rxd6 41. Rc7+ Kg8 42. Rd7 Ra6 43. a3 Rf8 44. Rc1 Rb8 45. Rcc7 Rxa3 46. Rg7+ 1-0

[Event "CAN-op"]
[Site "Edmonton CAN"]
[Date "2005.07.09"]
[Round "1.27"]
[White "MacKey, John"]
[Black "Sasata, Robert"]
[Result "0-1"]
[WhiteElo "1720"]
[BlackElo "2323"]
[PlyCount "74"]
[GameId "2160767910901297"]
[EventDate "2005.07.09"]
[EventType "swiss"]
[EventRounds "10"]
[EventCountry "CAN"]

1. d4 Nf6 2. Nf3 c5 3. e3 e6 4. c4 d5 5. Nc3 Nc6 6. Bd3 a6 7. O-O dxc4 8. Bxc4 b5 9. Be2 Bb7 10. a3 Qc7 11. dxc5 Rd8 12. Qc2 Bxc5 13. b4 Bd6 14. Bb2 Ne5 15. Nxe5 Bxe5 16. f4 Bd6 17. Rac1 Qb6 18. Nd1 Be4 19. Bd4 Qxd4 20. exd4 Bxc2 21. Rxc2 Kd7 22. Ne3 Rc8 23. f5 Rxc2 24. fxe6+ fxe6 25. Nxc2 Rc8 26. Bd1 Bc7 27. g3 Bb6 28. Kg2 Kd6 29. Re1 Rc3 30. Kf1 Rc4 31. Ke2 Bxd4 32. Kd3 e5 33. Nxd4 Rxd4+ 34. Ke3 Nd5+ 35. Kf2 Rd2+ 36. Be2 Nc3 37. Ke3 Rxe2+ 0-1

[Event "CAN-op"]
[Site "Edmonton CAN"]
[Date "2005.07.09"]
[Round "1.29"]
[White "Lafreniere, Adrian"]
[Black "Peter, Steven"]
[Result "0-1"]
[WhiteElo "1703"]
[BlackElo "2297"]
[PlyCount "131"]
[GameId "2160767910901298"]
[EventDate "2005.07.09"]
[EventType "swiss"]
[EventRounds "10"]
[EventCountry "CAN"]

1. e4 c5 2. Nf3 Nc6 3. d4 cxd4 4. Nxd4 Nf6 5. f3 d5 6. Nxc6 bxc6 7. exd5 cxd5 8. Bb5+ Bd7 9. Bxd7+ Qxd7 10. O-O e6 11. Qe2 Rc8 12. c3 Bc5+ 13. Be3 O-O 14. Nd2 d4 15. cxd4 Bxd4 16. Nb3 Bxe3+ 17. Qxe3 Nd5 18. Qd3 Qa4 19. Rfe1 Rc4 20. Re4 Rfc8 21. Rae1 Rxe4 22. fxe4 Nf4 23. Qe3 e5 24. g3 Ne6 25. a3 h6 26. Re2 Qb5 27. Rf2 a5 28. Nc1 Nd4 29. Na2 Qc4 30. Nc3 Rb8 31. Kh1 Rb3 32. Qd2 Rb7 33. h3 Kh7 34. Kh2 Qc5 35. Kg2 Qc4 36. Qd1 Rb3 37. h4 Rb7 38. h5 Qc6 39. Qg4 Qe6 40. Qxe6 Nxe6 41. Nd5 Nc5 42. Re2 Rb3 43. Nc3 Nd3 44. Na4 g6 45. hxg6+ Kxg6 46. Kh2 f6 47. Rc2 Kg5 48. Rc8 Kg6 49. Rc2 h5 50. Kh3 Kg5 51. Nc5 Rxb2 52. Ne6+ Kg6 53. Rxb2 Nxb2 54. g4 Nc4 55. a4 hxg4+ 56. Kxg4 Kf7 57. Nc5 Ke7 58. Kf5 Kf7 59. Kg4 Kg6 60. Ne6 Nd6 61. Nc5 Nxe4 62. Nxe4 f5+ 63. Kf3 fxe4+ 64. Kxe4 Kf6 65. Kf3 Ke6 66. Ke4 0-1

[Event "CAN-op"]
[Site "Edmonton CAN"]
[Date "2005.07.09"]
[Round "1.32"]
[White "Barclay, Wayne"]
[Black "Lacroix, Peter"]
[Result "1-0"]
[WhiteElo "2243"]
[BlackElo "1688"]
[PlyCount "121"]
[GameId "2160767910901299"]
[EventDate "2005.07.09"]
[EventType "swiss"]
[EventRounds "10"]
[EventCountry "CAN"]

1. d4 f5 2. g3 Nf6 3. Bg2 g6 4. c4 Bg7 5. Nc3 c6 6. Nh3 O-O 7. O-O d5 8. cxd5 cxd5 9. Nf4 e6 10. Qb3 Nc6 11. e3 Qe7 12. f3 Qb4 13. Qd1 Ne8 14. Kh1 Nd6 15. Na4 b6 16. a3 Qb5 17. Rf2 Na5 18. Bd2 Nac4 19. Bc1 Bd7 20. Nc3 Qa6 21. b3 Na5 22. a4 Rfc8 23. Bb2 Rc7 24. h4 Rac8 25. Na2 Nc6 26. Kh2 Kf7 27. Nd3 Qb7 28. Bf1 a5 29. Be2 Ne7 30. Ba3 Ne8 31. Bf1 Bf6 32. Bg2 Qb8 33. Rb1 Nc6 34. Nf4 h6 35. Bf1 g5 36. hxg5 hxg5 37. Nd3 Be7 38. Bxe7 Kxe7 39. Qd2 Nf6 40. e4 f4 41. gxf4 Nxd4 42. Ne5 Nxf3+ 43. Nxf3 Nxe4 44. Qd4 Nxf2 45. Qg7+ Kd6 46. Kg1 Ng4 47. fxg5 Bb5 48. Qd4 Bxf1 49. Rxf1 Rc2 50. Qxg4 Rxa2 51. Nd4 Re8 52. g6 Qc8 53. Nb5+ Kd7 54. g7 Qc5+ 55. Kh1 Qc2 56. Qg3 Qh7+ 57. Kg1 e5 58. Qg4+ Kd8 59. Qg5+ Kd7 60. Rf7+ Ke6 61. Qf6# 1-0

[Event "CAN-op"]
[Site "Edmonton CAN"]
[Date "2005.07.09"]
[Round "1.34"]
[White "McGowan, Gary"]
[Black "Raymer, Evan"]
[Result "1-0"]
[WhiteElo "2415"]
[BlackElo "1681"]
[PlyCount "29"]
[GameId "2160767910901300"]
[EventDate "2005.07.09"]
[EventType "swiss"]
[EventRounds "10"]
[EventCountry "CAN"]

1. c4 e5 2. g3 Nc6 3. Bg2 g6 4. e4 Bg7 5. Nc3 d6 6. d3 Nge7 7. Nge2 Be6 8. Nd5 O-O 9. O-O f5 10. f4 Rb8 11. Rb1 b5 12. cxb5 Rxb5 13. Nec3 Ra5 14. b4 Nxd5 15. exd5 1-0